000 01441nam0a2200313 4500
001 RU\NLR\bibl\1302471
005 20250615151512.0
010 _a978-5-7501-0942-5
_9150
021 _aRU
_b2008-78797
_94578
035 _a(NLR Aleph) 001288036
090 _a541362
_c541362
100 _a20081203d2008 |||y0rusy50 ca
101 0 _arus
102 _aRU
105 _aa |||||||||
200 1 _aМой лес
_eвоспоминания ученого-лесовода
_fЮ.Ф. Косоуров
_gпод ред. чл.-корр. АН РБ Б.М. Миркина
_gАкад. наук Респ. Башкортостан, Отд-ние биол., мед. и с.-х. наук
210 _aУфа
_cГилем
_d2008
215 _a139 с., [1] л. цв. ил.
_cил., портр.
_d20
300 _aНа 4-й с. обл. авт.: Косоуров Ю.Ф., к.с.-х.н., засл. лесовод БАССР, Лауреат Гос. премии РСФСР в обл. науки и техники
600 1 _aКосоуров
_bЮ.Ф.
_f1928
_gЮрий Федорович
_jВоспоминания, записки и т.п.
_92551405
_3RU\NLR\auth\661509719
686 _aП3д(2)Косоуров
700 1 _aКосоуров
_bЮ. Ф
_f1928-
_gЮрий Федорович
_4070
801 0 _aRU
_bNLR
_c20081203
_gRCR
801 1 _aRU
_bNLR
_c20081203
830 _aавт. по кн.
942 _cBOOK
980 _aNB
980 _aNBR